01757nam a22003497a 4500003000900000005001700009008004100026040004600067041000800113082002600121092000700147099003400154100003500188245010100223264008500324300003100409336002200440337002400462338003300486504006100519546011600580650003100696650004600727651001000773856005700783905001600840942001900856999001700875952017100892952017101063952017301234EG-GICUC20260121101452.0251211s1987 ua ||||fr|||| 00| 0 ara d a EG-GICUCbarac EG-GICUCd EG-GICUCerda aara04221a343.7bج ل . ظ04221 aLaw1 10 343.7 ج ل . ظ 19870 aجلال ثروتeمؤلف.12aالظاهرة الإجرامية :bدراسة في علم العقاب /cجلال ثروت. 1a[مكان النشر غير محدد] :b[ الناشر غير محدد],c1987. a329 صفحة ؛ c24 سم. 2rda contentatext 2rda mediaaComputer 2rda carrieraOnline Resource aيحتوي على ارجاعات ببليوجرافية  aالنص أغلبه باللغة العربية بعض النصوص الإنجليزية والفرنسية14aعلم العقاب2qrmak14aالجريمة والمجرمون.2qrmak1 2qrmak40uhttps://fll.law.cu.edu.eg/fulltext/bks/B10-07187.pdf a75eHassnaa 2ddcn0cBKe21 c49826d49826 00102ddc40718القانون الجنائيaCUbLAW1d2025-12-11l0oLaw1 10 343.7 ج ل . ظ 1987 1007187 C1pB10-07187r2025-12-11 15:53:00t1w2025-12-11yBK 00102ddc40708القانون الجنائيaCUbLAW1d2026-01-14l0oLaw1 10 343.7 ج ل . ظ 1987 1007496 C2pB10-07496r2026-01-14 10:52:00t2w2026-01-14yBK 00102ddc40708القانون الجنائيaLAW2bLAW2d2026-01-14l0oLaw2 10 343.7 ج ل . ظ 1987 1007497 C3pB10-07497r2026-01-14 10:53:00t3w2026-01-14yBK